| 000 | 00739cam a22002054a 4500 | ||
|---|---|---|---|
| 005 | 20250605164116.0 | ||
| 008 | 250528s ||||||||||||||||||||||||d | ||
| 035 | _a18095 | ||
| 020 | _a803987978 | ||
| 040 |
_aGR-AtMCL _bgre _dGR-AtMCL _eAACR2 |
||
| 245 | 1 | _aDeath, Dying and Bereavement | |
| 260 |
_bSage Publications, _c1993 |
||
| 300 | _a322 | ||
| 520 | _aThis book addresses both the practical and the more metaphysical aspects of death. Acknowledgements, Introduction, Life and Death, Preparing for Death, Caring for Dying People, Bereavement: Private Grief and Collective Responsibilility, Index. | ||
| 700 | 1 |
_aDickenson Donna _94381 |
|
| 700 | 1 |
_aJohnson Malcolm _94382 |
|
| 942 | _cBK | ||
| 999 |
_c3480 _d3480 |
||